Online katalóg knižníc regiónu Turca

Nočná smena (Record no. 20965)

MARC details
000 -LEADER
fixed length control field 01720cam a2200469 a 4500
001 - CONTROL NUMBER
control field 20965
003 - CONTROL NUMBER IDENTIFIER
control field VRT
005 - DATE AND TIME OF LATEST TRANSACTION
control field 20260207123700.0
008 - FIXED-LENGTH DATA ELEMENTS--GENERAL INFORMATION
fixed length control field 230403s1951 xo 000 d slo
015 ## - NATIONAL BIBLIOGRAPHY NUMBER
National bibliography number SNBA19451955-004226
035 ## - SYSTEM CONTROL NUMBER
System control number SK01SNKBKSFS20010067483
035 ## - SYSTEM CONTROL NUMBER
System control number urn:nbn:sk:snk-am3hyq1
035 ## - SYSTEM CONTROL NUMBER
System control number 2E0C5155-272C-4337-B402-EF9DDED46C02
035 ## - SYSTEM CONTROL NUMBER
System control number urn:nbn:sk:snk-am00ddqe
035 ## - SYSTEM CONTROL NUMBER
System control number SKM000069946
039 #9 - LEVEL OF BIBLIOGRAPHIC CONTROL AND CODING DETAIL [OBSOLETE]
Level of rules in bibliographic description 202304032045
Level of effort used to assign nonsubject heading access points VLOAD
Level of effort used to assign subject headings 202212050954
Level of effort used to assign classification VLOAD
Level of effort used to assign subject headings 202205120825
Level of effort used to assign classification VLOAD
Level of effort used to assign subject headings 202010060859
Level of effort used to assign classification csnkv15
040 ## - CATALOGING SOURCE
Original cataloging agency SNK
Language of cataloging slo
Transcribing agency SNK
Description conventions AACR2
041 1# - LANGUAGE CODE
Language code of text/sound track or separate title slo
Language code of original rum
044 ## - COUNTRY OF PUBLISHING/PRODUCING ENTITY CODE
MARC country code xo
ISO country code SK
080 ## - UNIVERSAL DECIMAL CLASSIFICATION NUMBER
Universal Decimal Classification number 859.0-2
Edition identifier 1981
100 1# - MAIN ENTRY--PERSONAL NAME
Personal name Cheta, Gheorghe
Relationship aut
240 10 - UNIFORM TITLE
Uniform title Echipa de noapte
Language of a work Slovensky
245 10 - TITLE STATEMENT
Title Nočná smena
Remainder of title hra v jednom dejstve
Statement of responsibility, etc. Gheorghe Cheta ; [z rumunčiny (Echipa de noapte) preložil Ondrej Repka]
250 ## - EDITION STATEMENT
Edition statement 1. vyd.
260 ## - PUBLICATION, DISTRIBUTION, ETC.
Place of publication, distribution, etc. Martin
Name of publisher, distributor, etc. Matica slovenská
Date of publication, distribution, etc. 1951
Place of manufacture Martin
Manufacturer Neografia
300 ## - PHYSICAL DESCRIPTION
Extent 27, [1] s.
Dimensions
366 ## - TRADE AVAILABILITY INFORMATION
Note 3300 výtl.
490 1# - SERIES STATEMENT
Series statement Prekladová divadelná knižnica
Volume/sequential designation sv. 13
505 0# - FORMATTED CONTENTS NOTE
Formatted contents note Poznámky k réžii a k scéne, s. 27
655 #7 - INDEX TERM--GENRE/FORM
Genre/form data or focus term rumunské drámy
Source of term SNKPH
700 1# - ADDED ENTRY--PERSONAL NAME
Personal name Repka, Ondrej,
Dates associated with a name 1919-
Relationship trl
700 1# - ADDED ENTRY--PERSONAL NAME
Personal name Tvarožek, Eduard Vladimír,
Dates associated with a name 1920-1999
Relationship red
830 #0 - SERIES ADDED ENTRY--UNIFORM TITLE
Uniform title Prekladová divadelná knižnica
910 ## - USER-OPTION DATA (OCLC)
User-option data snk
942 ## - ADDED ENTRY ELEMENTS (KOHA)
Source of classification or shelving scheme Dewey Decimal Classification
Koha item type Krásna literatúra pre dospelých
Suppress in OPAC No
949 ## - LOCAL PROCESSING INFORMATION (OCLC)
6 17A0662584
a snkSD 6934/13 D1
b snkKSF 491/58
949 ## - LOCAL PROCESSING INFORMATION (OCLC)
6 17A0662583
a snkSD 6934/13 D2
b snkF 5346/62
949 ## - LOCAL PROCESSING INFORMATION (OCLC)
6 2889358807
a savukIIIA 924
o Pv 10197
949 ## - LOCAL PROCESSING INFORMATION (OCLC)
6 270001000515757
a svkbbS 16933
b svkbbm 62824
949 ## - LOCAL PROCESSING INFORMATION (OCLC)
6 17A0912088
a snkSD 6934/13
b snk2512/51
o VIII. 3665/51 - evidenčné číslo
s 6100:20190903
Holdings
Stav vyradenia Strata Poškodenie Spôsob nadobudnutia Domovská knižnica Aktuálna knižnica Dátum nadobudnutia Total checkouts Čiarový kód exemplára Date last seen Typ exemplára Verejná poznámka
      Dar Obecná knižnica Horná Štubňa Obecná knižnica Horná Štubňa 07.02.2026   4736201136 07.02.2026 Krásna literatúra pre dospelých divadelná hra
Projekt je podporený Slovenskou asociáciou knižníc
Prevádzkuje Turčianska knižnica Martin 2026